| 000 | 00835nam a2200205Ia 4500 | ||
|---|---|---|---|
| 999 |
_c38788 _d38788 |
||
| 003 | Ge_BSU | ||
| 005 | 20190502111543.0 | ||
| 008 | 181216s1960||||ge |||||||||||||| ||geo|| | ||
| 041 | _ageo | ||
| 080 | _a666.98 წ-86 | ||
| 100 |
_aწულეისკირი, მ.ი. _9627 |
||
| 245 |
_aრკინაბეტონი ნაწ.1 / _cმ. ი. წულეისკირი ; რედ. ა.კაკუშაძე, დ.დოლიძე. |
||
| 264 |
_aთბილისი : _bსპი, _c1960. |
||
| 300 |
_a348 გვ. ; _c22 სმ. |
||
| 504 | _aბიბლიოგრ. : გვ.343-344. | ||
| 653 | _aრკინაბეტონი | ||
| 700 |
_aკაკუშაძე, ა. _eრედაქტორი _9621 |
||
| 700 |
_aდოლიძე, დ. _eრედაქტორი _9452 |
||
| 942 |
_cBK _2udc |
||